000 00508nam a2200181Ia 4500
005 20250508151723.0
008 008 250505s9999 xx 000 0 hin d
037 _aTextual
040 _aFEDL
_beng
_cFEDL
041 _ahin
_2eng
084 _a371.4, HIN
_qFEDL
245 0 _aDus saal ka kaam
260 _aSevagram
_bHindustani Talimi Sangh
_c1950
300 _a182p.
650 _aEducational - Guidance and Counseling
_9756302
942 _cTEXL
_h371.4, HIN
999 _c1331677
_d1331677